MONOGRAPH ON HOMOEOPATHIC DRUG CYNOLON-DACTYLON ( DUB GRASS) (Record no. 18200)

MARC details
000 -LEADER
fixed length control field 00326nam a22001457a 4500
003 - CONTROL NUMBER IDENTIFIER
control field SGT
082 ## - DEWEY DECIMAL CLASSIFICATION NUMBER
Classification number 615.58
Item number M14C
100 ## - MAIN ENTRY--PERSONAL NAME
Personal name CCRH
245 ## - TITLE STATEMENT
Title MONOGRAPH ON HOMOEOPATHIC DRUG CYNOLON-DACTYLON ( DUB GRASS)
260 ## - PUBLICATION, DISTRIBUTION, ETC. (IMPRINT)
Place of publication, distribution, etc DELHI
Name of publisher, distributor, etc CCRH
Year of Publication 2014
300 ## - PAGE DESCRIPTION
No. of Pages 120
650 ## - SUBJECT ADDED ENTRY--TOPICAL TERM
Topical term or geographic name as entry element HOMOEOPATHIC
653 ## - KEYWORDS--INDEX TERM
Keyword term DRUG
942 ## - ADDED ENTRY ELEMENTS (KOHA)
Source of classification or shelving scheme Dewey Decimal Classification
Koha item type Books
Holdings
Withdrawn status Lost status Source of classification or shelving scheme Damaged status Not for loan Home library Current library Shelving location Date acquired Vendor Name Cost, normal purchase price SGTU Bill Number Total Checkouts Full call number Accession No. (Barcode) Date last seen Bill Date Koha item type
    Dewey Decimal Classification     Homeopathy Library Homeopathy Library Text Book 07/06/2019 CCRH 225.00 SGTU 1011   615.58 M14C FH478 07/06/2019 27/07/2016 Books
    Dewey Decimal Classification     Homeopathy Library Homeopathy Library Text Book 07/06/2019 CCRH 225.00 SGTU 1011   615.58 M14C FH479 07/06/2019 27/07/2016 Books
    Dewey Decimal Classification     Homeopathy Library Homeopathy Library Text Book 07/06/2019 CCRH 225.00 SGTU 1011   615.58 M14C FH480 07/06/2019 27/07/2016 Books